| 000 | 007010000a22002170004500 | ||
|---|---|---|---|
| 003 | LK-CoMWRAF | ||
| 005 | 20231013142614.0 | ||
| 008 | 230817t1978 ||||| |||| 00| 0 eng d | ||
| 020 | _a0801411033 | ||
| 040 |
_aLK-CoMWRAF _dLK-CoMWRAF _eLK-CoMWRAF |
||
| 041 | _aeng | ||
| 082 |
_a324.2595 _bKES |
||
| 100 | _aKessler, Clive S. | ||
| 245 |
_aIslam and politics in a Malay state: _bKelentan 1838-1969 |
||
| 260 |
_aLondon: _bCornell University Press, _c1978 |
||
| 300 |
_a274 p. : ill. ; 23 cm _bBibliography and index included |
||
| 650 | _aParti Islam Semalaysia -- History | ||
| 650 | _aIslam and politics -- Malaysia -- Kelantan | ||
| 650 | _aKelantan - Politics and government | ||
| 942 | _cBK | ||
| 999 |
_c2686 _d2686 |
||